[Event "SR 3. liga A2 2017/2018"]
[Site "?"]
[Date "2018.01.21"]
[Round "8.6"]
[White "Husek, Lubomir"]
[Black "Dest, Stanislav"]
[Result "0-1"]
[WhiteElo "1830"]
[BlackElo "1520"]
[PlyCount "114"]
[EventDate "2017.??.??"]

1. e4 e5 2. Nf3 Nc6 3. Bb5 a6 4. Ba4 Nf6 5. O-O Be7 6. Re1 b5 7. Bb3 d6 8. a4
Bg4 9. c3 O-O 10. d3 b4 11. a5 Rb8 12. Nbd2 Na7 13. Qc2 c5 14. Bc4 Bc8 15. d4
Nc6 16. dxe5 Nxe5 17. Nxe5 dxe5 18. Nf3 Qc7 19. cxb4 Rxb4 20. Bd2 Rb8 21. Bc3
Bd6 22. Qe2 Ra8 23. Ra3 Bb7 24. Qc2 h6 25. Rb3 Nd7 26. Qe2 Nf6 27. Qc2 Nd7 28.
Nh4 Be7 29. Nf5 Bf6 30. Rd1 Bc6 31. Ra3 Nb8 32. Be1 Bd7 33. Rf3 Bg5 34. h3 Ra7
35. Nd6 Bf6 36. Bc3 Nc6 37. Nf5 Bxf5 38. Rxf5 Nd4 39. Bxd4 cxd4 40. Qe2 Qxa5
41. Rxd4 Qb6 42. Rd5 Rb8 43. b3 a5 44. Rb5 Qc7 45. Rxb8+ Qxb8 46. Bb5 Qb6 47.
Ba4 Rc7 48. Rf3 Qd4 49. Rd3 Rc1+ 50. Kh2 Qa1 51. Kg3 Bg5 52. Kg4 Qb1 53. Qf3
Rf1 54. Bb5 Qe1 55. Qf5 Rxf2 56. Qc8+ Kh7 57. g3 Qxe4+ 0-1

[Event "SR 3. liga A2 2017/2018"]
[Site "?"]
[Date "2018.02.18"]
[Round "9.1"]
[White "Provaznik, Michal"]
[Black "Sosna, Jan"]
[Result "0-1"]
[WhiteElo "2211"]
[BlackElo "2337"]
[PlyCount "118"]
[EventDate "2017.??.??"]

1. b3 d5 2. Bb2 Bf5 3. f4 e6 4. Nf3 Nf6 5. e3 Be7 6. Be2 O-O 7. O-O Nbd7 8. Nd4
c5 9. Nxf5 exf5 10. c4 Nb6 11. cxd5 Nfxd5 12. Nc3 Bf6 13. Rc1 Nb4 14. Na4 Nxa4
15. Bxf6 Qxf6 16. bxa4 b6 17. Qb3 Nc6 18. Bf3 Na5 19. Qc3 Qxc3 20. Rxc3 Rad8
21. d3 Rd6 22. Kf2 Rfd8 23. Ke2 Kf8 24. Rg1 Re8 25. Kf2 h6 26. Rd1 g6 27. h3
Kg7 28. Rg1 Kf6 29. Re1 Red8 30. Ke2 h5 31. h4 Ke6 32. Kd2 Nc6 33. Bxc6 Rxc6
34. Kc2 Kd5 35. Rb1 Re8 36. Kd2 Rce6 37. Re1 f6 38. Rc2 g5 39. fxg5 fxg5 40.
Rf1 Rxe3 41. Rxf5+ R3e5 42. Rxg5 Rxg5 43. hxg5 Re5 44. g6 Rg5 45. Kc3 Rxg6 46.
Rf2 Rg5 47. a3 Kc6 48. Rf6+ Kb7 49. Rf7+ Ka6 50. Rh7 Rxg2 51. Rxh5 Rg4 52. Kb3
Rd4 53. Rh3 Ka5 54. Re3 Rxa4 55. Re4 Rxe4 56. dxe4 Kb5 57. a4+ Kc6 58. Kc4 a6
59. e5 b5+ 0-1

[Event "SR 3. liga A2 2017/2018"]
[Site "?"]
[Date "2018.02.18"]
[Round "9.1"]
[White "Jozefek, Michal"]
[Black "Sobek, Michal"]
[Result "1-0"]
[WhiteElo "2206"]
[BlackElo "1949"]
[PlyCount "57"]
[EventDate "2017.??.??"]

1. d4 Nf6 2. c4 c5 3. Nf3 g6 4. Nc3 cxd4 5. Nxd4 Bg7 6. e4 Nc6 7. Be3 Ng4 8.
Qxg4 Nxd4 9. Qd1 Ne6 10. Be2 Qa5 11. Qd2 b6 12. O-O Bb7 13. Rfd1 d6 14. f3 h5
15. Rac1 g5 16. a3 Qe5 17. b4 Rc8 18. Bf1 Nf4 19. Nb5 Ne6 20. Nxa7 Rb8 21. Nb5
g4 22. f4 Qxe4 23. Bd3 Qc6 24. f5 Nc7 25. Bd4 Bxd4+ 26. Nxd4 Qd7 27. Qg5 e5 28.
fxe6 Nxe6 29. Nxe6 1-0

[Event "SR 3. liga A2 2017/2018"]
[Site "?"]
[Date "2018.02.18"]
[Round "9.1"]
[White "Sefcik, Marek"]
[Black "Koutny, Petr"]
[Result "1-0"]
[WhiteElo "2007"]
[BlackElo "2186"]
[PlyCount "107"]
[EventDate "2017.??.??"]

1. d4 d5 2. e3 Nc6 3. f4 Nf6 4. Nd2 Bf5 5. Bd3 Qd7 6. Ngf3 Bxd3 7. cxd3 Ng4 8.
Nb3 b6 9. h3 Nh6 10. e4 e6 11. Be3 Bb4+ 12. Kf2 f5 13. e5 Nf7 14. Rc1 Ncd8 15.
a3 Be7 16. Rc2 Rc8 17. Qc1 a5 18. Nbd2 Nb7 19. b3 O-O 20. Qb2 Nfd8 21. Rhc1 Rf7
22. Ke2 h6 23. g3 Bf8 24. Nb1 Be7 25. Nc3 Rf8 26. Na4 Nf7 27. h4 b5 28. Nc5
Nxc5 29. dxc5 c6 30. Nd4 g5 31. hxg5 hxg5 32. Rh1 g4 33. Kf1 Nd8 34. Rch2 Kf7
35. Rh7+ Ke8 36. R1h6 Rf7 37. Rxf7 Nxf7 38. Rxe6 Nd8 39. Rg6 Bxc5 40. Qh2 Qf7
41. Qh8+ Bf8 42. Rf6 Qe7 43. Qh5+ Kd7 44. Qxf5+ Kc7 45. Rxf8 Qxa3 46. Qh7+ Kb8
47. Rxd8 Rxd8 48. Nxc6+ Kc8 49. Nxd8 Qa1+ 50. Ke2 Qb2+ 51. Bd2 Kxd8 52. e6 Kc8
53. Qd7+ Kb8 54. e7 1-0

[Event "SR 3. liga A2 2017/2018"]
[Site "?"]
[Date "2018.02.18"]
[Round "9.1"]
[White "Stanec, Stanislav"]
[Black "Jakubec, Milan"]
[Result "1/2-1/2"]
[WhiteElo "2007"]
[BlackElo "2006"]
[PlyCount "101"]
[EventDate "2017.??.??"]

1. d4 d5 2. Nf3 Nf6 3. e3 e6 4. Bd3 Bd6 5. Nbd2 O-O 6. O-O Nbd7 7. e4 dxe4 8.
Nxe4 Nxe4 9. Bxe4 h6 10. c3 Nf6 11. Bc2 b6 12. Re1 Bb7 13. Ne5 Re8 14. h3 c5
15. Ba4 Re7 16. Nc6 Bxc6 17. Bxc6 Rc8 18. Bf3 Rd7 19. Qa4 cxd4 20. cxd4 Bb8 21.
Be3 Nd5 22. Bxd5 Rxd5 23. Rec1 b5 24. Qa6 Rxc1+ 25. Rxc1 Qd6 26. Qxd6 Bxd6 27.
g3 e5 28. dxe5 Bxe5 29. b3 a5 30. Rc8+ Kh7 31. Ra8 Bc3 32. Rc8 Bb4 33. Kg2 f5
34. Kf3 g5 35. Rc6 Bd2 36. Rc5 Rxc5 37. Bxc5 Kg6 38. Ke2 Bc3 39. Kd3 Be1 40. g4
fxg4 41. hxg4 h5 42. gxh5+ Kxh5 43. Ke4 g4 44. Ke3 Kh4 45. Ke2 Bc3 46. Kd3 Ba1
47. a4 bxa4 48. bxa4 Kh3 49. Bb6 Kg2 50. Ke2 Bc3 51. Ba7 1/2-1/2

[Event "SR 3. liga A2 2017/2018"]
[Site "?"]
[Date "2018.02.18"]
[Round "9.1"]
[White "Hirmajer, Jan"]
[Black "Hudacek, Josef"]
[Result "0-1"]
[WhiteElo "1920"]
[BlackElo "2047"]
[PlyCount "98"]
[EventDate "2017.??.??"]

1. c4 Nf6 2. Nc3 g6 3. g3 Bg7 4. Bg2 c6 5. Nf3 O-O 6. O-O d5 7. cxd5 cxd5 8. d4
Nc6 9. Qb3 e6 10. Rd1 Na5 11. Qc2 b6 12. Bg5 Bb7 13. b3 Rc8 14. Qd2 h6 15. Bxf6
Qxf6 16. Rac1 Qe7 17. e3 Rfd8 18. Bf1 Nc6 19. Nb5 a6 20. Nc3 Qd6 21. Na4 Ne7
22. Rxc8 Rxc8 23. Rc1 e5 24. Rxc8+ Nxc8 25. dxe5 Bxe5 26. Nd4 b5 27. Nb2 Qb6
28. Nd1 Ne7 29. Bg2 b4 30. Nb2 a5 31. Na4 Qc7 32. h4 Ba6 33. Bf1 Bxf1 34. Kxf1
Bxd4 35. Qxd4 Qc1+ 36. Ke2 Qc2+ 37. Qd2 Qe4 38. Nc5 Qg4+ 39. Ke1 Qf3 40. Nd7
Qf5 41. Nc5 Nc6 42. Qd3 Qe5 43. Qb5 Qa1+ 44. Ke2 Qxa2+ 45. Kf3 Ne5+ 46. Kf4 Qb2
47. Qe8+ Kh7 48. f3 Nd3+ 49. Kg4 Nf2+ 0-1

[Event "SR 3. liga A2 2017/2018"]
[Site "?"]
[Date "2018.02.18"]
[Round "9.1"]
[White "Berger, Patrik"]
[Black "Horak, Ivan"]
[Result "1-0"]
[WhiteElo "1989"]
[BlackElo "2021"]
[PlyCount "73"]
[EventDate "2017.??.??"]

1. e4 c5 2. Nf3 e6 3. d4 cxd4 4. Nxd4 Nf6 5. Bd3 Nc6 6. Nxc6 bxc6 7. Nc3 d5 8.
O-O d4 9. Na4 e5 10. c3 c5 11. f4 Bd6 12. b4 c4 13. Bxc4 O-O 14. cxd4 Bg4 15.
Qb3 Rb8 16. a3 Nxe4 17. Qe3 Bd7 18. Nb2 Nf6 19. fxe5 Ng4 20. Qg3 Be7 21. h3 Be6
22. d5 Bh4 23. Qf4 Qb6+ 24. Kh1 g5 25. Qf3 Nxe5 26. Qe4 Nxc4 27. Nxc4 Qb7 28.
Ne3 Rbd8 29. Rd1 Rfe8 30. Qf3 g4 31. hxg4 Bxd5 32. Rxd5 Rxd5 33. Qxd5 Qe7 34.
Bd2 Rd8 35. Qa2 Bf2 36. Nf5 Qf6 37. Rf1 1-0

[Event "SR 3. liga A2 2017/2018"]
[Site "?"]
[Date "2018.02.18"]
[Round "9.1"]
[White "Chabada, Tomas"]
[Black "Londin, Martin"]
[Result "1/2-1/2"]
[WhiteElo "1986"]
[BlackElo "1943"]
[PlyCount "59"]
[EventDate "2017.??.??"]

1. e4 b6 2. d4 Bb7 3. Bd3 Nf6 4. Qe2 e6 5. Nf3 d5 6. e5 Ne4 7. Nbd2 Nxd2 8.
Bxd2 c5 9. c3 Nc6 10. O-O Be7 11. a3 c4 12. Bc2 Na5 13. Rae1 Bc6 14. h3 Nb3 15.
Be3 a5 16. Nh2 a4 17. f4 g6 18. Nf3 h6 19. g4 Kd7 20. Kh2 h5 21. g5 Kc7 22. Bf2
Bd7 23. Rg1 Qf8 24. Nd2 b5 25. Nb1 Ra6 26. Qe3 Qg7 27. h4 Rb8 28. Bd1 Qf8 29.
Bf3 Bc6 30. Bg2 1/2-1/2

[Event "SR 3. liga A2 2017/2018"]
[Site "?"]
[Date "2018.02.18"]
[Round "9.1"]
[White "Hrubsa, Marian"]
[Black "Zlamal, Marek"]
[Result "1-0"]
[WhiteElo "1929"]
[BlackElo "1848"]
[PlyCount "75"]
[EventDate "2017.??.??"]

1. e4 e5 2. Nf3 Nc6 3. Bb5 d6 4. O-O Bg4 5. d3 Be7 6. Be3 Nf6 7. Nbd2 a6 8.
Bxc6+ bxc6 9. c3 O-O 10. Qa4 Bd7 11. h3 Nh5 12. d4 c5 13. Qd1 cxd4 14. cxd4 Bb5
15. Re1 Nf4 16. Bxf4 exf4 17. Rc1 Qd7 18. Nh2 c5 19. Ndf3 Rac8 20. b3 Qa7 21.
a4 Bc6 22. d5 Bd7 23. Qd2 g5 24. e5 dxe5 25. d6 Bf6 26. Nxe5 Rfe8 27. Nhg4 Bxg4
28. Nxg4 Bd4 29. Nh6+ Kf8 30. Qd3 Rxe1+ 31. Rxe1 Bxf2+ 32. Kh1 Re8 33. Rxe8+
Kxe8 34. Qe4+ Kd8 35. Qd5 Qd7 36. Nxf7+ Ke8 37. Ne5 Qf5 38. Qa8+ 1-0

[Event "SR 3. liga A2 2017/2018"]
[Site "?"]
[Date "2018.02.18"]
[Round "9.2"]
[White "Banas, Jan"]
[Black "Pagerka, Martin"]
[Result "1/2-1/2"]
[WhiteElo "2207"]
[BlackElo "2331"]
[PlyCount "38"]
[EventDate "2017.??.??"]

1. c4 g6 2. e4 Bg7 3. d4 d6 4. Nc3 Nf6 5. Nge2 O-O 6. f3 a6 7. Bg5 Nc6 8. d5
Na5 9. Nd4 Nd7 10. Nb3 Nxb3 11. axb3 h6 12. Be3 Ne5 13. Be2 c5 14. Qd2 Kh7 15.
O-O g5 16. h3 f5 17. exf5 Bxf5 18. f4 gxf4 19. Bxf4 Bg6 1/2-1/2

[Event "SR 3. liga A2 2017/2018"]
[Site "?"]
[Date "2018.02.18"]
[Round "9.2"]
[White "Sebesta, Radovan"]
[Black "Liptak, Tomas"]
[Result "1/2-1/2"]
[WhiteElo "2012"]
[BlackElo "2215"]
[PlyCount "56"]
[EventDate "2017.??.??"]

1. d4 f5 2. Nc3 Nf6 3. Bf4 e6 4. Nf3 d6 5. e3 Be7 6. h3 O-O 7. Bd3 Nc6 8. O-O
Qe8 9. Bh2 Qh5 10. Be2 Qf7 11. Bc4 Nd5 12. Nxd5 exd5 13. Be2 g5 14. Rc1 Be6 15.
b3 g4 16. hxg4 fxg4 17. Nd2 Qh5 18. c4 Bg5 19. cxd5 Rf6 20. f4 gxf3 21. Rxf3
Rxf3 22. Bxf3 Bxe3+ 23. Kh1 Qh6 24. Rxc6 bxc6 25. dxe6 Qxe6 26. Nc4 Bg5 27.
Bxc6 Rf8 28. Bf3 Rf6 $11 1/2-1/2

[Event "SR 3. liga A2 2017/2018"]
[Site "?"]
[Date "2018.02.18"]
[Round "9.2"]
[White "Kovacocy, Pavol"]
[Black "Skapikova, Lubica"]
[Result "1-0"]
[WhiteElo "2263"]
[BlackElo "1893"]
[PlyCount "93"]
[EventDate "2017.??.??"]

1. e4 e5 2. Nf3 Nc6 3. Bb5 a6 4. Bxc6 dxc6 5. O-O Bg4 6. h3 h5 7. d3 Bxf3 8.
Qxf3 Qf6 9. Nd2 O-O-O 10. Qxf6 gxf6 11. f4 Bh6 12. fxe5 fxe5 13. Rxf7 Bf4 14.
Nf1 Nh6 15. Rf6 Rdf8 16. Bxf4 exf4 17. Rxf8+ Rxf8 18. Nd2 Ng8 19. Rf1 Ne7 20.
g3 Ng6 21. Kg2 Kd7 22. Nf3 c5 23. g4 h4 24. Kf2 Ke6 25. Rg1 Rh8 26. c3 b6 27.
Ke2 Kd6 28. Rd1 Re8 29. Nd2 b5 30. a4 Kc6 31. axb5+ axb5 32. Ra1 Kb6 33. d4 c4
34. Kf3 Rd8 35. b4 Rf8 36. e5 Ne7 37. Ne4 c6 38. Nc5 Rf7 39. e6 Rg7 40. Kxf4
Nd5+ 41. Kf5 Nc7 42. g5 Rh7 43. Nd7+ Kb7 44. Nf6 Re7 45. Re1 Kc8 46. Re4 Kd8
47. Ng8 1-0

[Event "SR 3. liga A2 2017/2018"]
[Site "?"]
[Date "2018.02.18"]
[Round "9.2"]
[White "Lanik, Miroslav"]
[Black "Sarmir, Milos"]
[Result "1-0"]
[WhiteElo "1831"]
[BlackElo "2076"]
[PlyCount "73"]
[EventDate "2017.??.??"]

1. e4 e5 2. d4 exd4 3. Qxd4 d6 4. Nc3 Nf6 5. Be3 Nc6 6. Qd2 Be7 7. f3 Be6 8.
O-O-O a6 9. Nge2 b5 10. Nf4 Bd7 11. Ncd5 O-O 12. g4 Ne5 13. Be2 Nxd5 14. Nxd5
Be6 15. Nxe7+ Qxe7 16. Kb1 Bc4 17. h4 a5 18. h5 a4 19. g5 Qe6 20. Bxc4 Nxc4 21.
Qc1 c5 22. Bf4 b4 23. Rd5 Rfb8 24. g6 b3 25. cxb3 axb3 26. Qxc4 bxa2+ 27. Ka1
Qf6 28. gxf7+ Kh8 29. Bc1 Qxf7 30. Rhd1 Qxf3 31. Rxd6 Qxh5 32. Qd5 Qh4 33. Rd7
Rg8 34. e5 h6 35. Rh1 Qd4 36. Qf7 Qe4 37. Rxh6+ 1-0

[Event "SR 3. liga A2 2017/2018"]
[Site "?"]
[Date "2018.02.18"]
[Round "9.2"]
[White "Vagovsky, Jozef"]
[Black "Huska, Branislav"]
[Result "0-1"]
[WhiteElo "1787"]
[BlackElo "1829"]
[PlyCount "90"]
[EventDate "2017.??.??"]

1. d4 Nf6 2. Nf3 d5 3. c4 e6 4. Bg5 Be7 5. Nc3 O-O 6. e3 h6 7. Bh4 c5 8. Bd3
Qb6 9. Rb1 cxd4 10. exd4 dxc4 11. Bxc4 Nc6 12. O-O Rd8 13. Ne2 e5 14. Qb3 Qxb3
15. Bxb3 exd4 16. Nd2 Na5 17. Ba4 Be6 18. Bb5 Rac8 19. Rbc1 Rxc1 20. Nxc1 Rc8
21. Bd3 Nc4 22. Bxc4 Bxc4 23. Nxc4 Rxc4 24. Nd3 Rc2 25. Rd1 Nd5 26. Bxe7 Nxe7
27. Kf1 Nc6 28. Ke1 f5 29. Rd2 Rxd2 30. Kxd2 Kf7 31. a3 Kf6 32. f4 Ke6 33. Nc5+
Kd5 34. Nxb7 a5 35. Kd3 g5 36. g3 gxf4 37. gxf4 a4 38. h3 Ne7 39. Nd8 Ng6 40.
Nf7 Nxf4+ 41. Kd2 h5 42. Ng5 Kc4 43. h4 Kb3 44. Kc1 Nd3+ 45. Kb1 Nxb2 0-1

[Event "SR 3. liga A2 2017/2018"]
[Site "?"]
[Date "2018.02.18"]
[Round "9.2"]
[White "Kir, Kvetoslav"]
[Black "Bohunicky, Ivan"]
[Result "1-0"]
[WhiteElo "1759"]
[BlackElo "1923"]
[PlyCount "81"]
[EventDate "2017.??.??"]

1. d4 Nf6 2. c4 e6 3. Nc3 d5 4. e3 c5 5. Nf3 Nc6 6. a3 Be7 7. Bd3 O-O 8. O-O a6
9. dxc5 Bxc5 10. b4 Be7 11. Bb2 dxc4 12. Bxc4 Qc7 13. Qe2 b5 14. Ba2 Nd7 15.
Rac1 Qb6 16. Rfd1 Rd8 17. Ne4 Bb7 18. Bb1 Nf8 19. Nfg5 f5 20. Qh5 g6 21. Qh6
Nd4 22. Rxd4 Rac8 23. Rcd1 Qc7 24. Rxd8 Bxd8 25. Ba2 Bd5 26. Bxd5 exd5 27. Nc5
Bxg5 28. Qxg5 Qf7 29. h4 Ne6 30. Nxe6 Qxe6 31. Qf6 Qxf6 32. Bxf6 Kf7 33. Bd4
Rc4 34. Rd3 Ke6 35. Rc3 Kd6 36. Kf1 Ke6 37. Ke2 f4 38. Rxc4 dxc4 39. exf4 Kd5
40. Bc3 Ke4 41. g3 1-0

[Event "SR 3. liga A2 2017/2018"]
[Site "?"]
[Date "2018.02.18"]
[Round "9.2"]
[White "Vlkovic, Pavol"]
[Black "Lauko, Tomas"]
[Result "1-0"]
[WhiteElo "1794"]
[BlackElo "1728"]
[PlyCount "67"]
[EventDate "2017.??.??"]

1. e4 c5 2. Nf3 d6 3. c3 Nf6 4. h3 Nxe4 5. Qa4+ Nc6 6. Qxe4 g6 7. Bb5 Bd7 8.
O-O a6 9. Be2 e5 10. d3 f5 11. Qh4 Qb6 12. Qf6 Rg8 13. Ng5 Rg7 14. Nxh7 Rxh7
15. Qxg6+ Rf7 16. Bh5 Nd8 17. Na3 Be6 18. Qh7 f4 19. Qe4 Qc7 20. d4 Ke7 21.
Bxf7 Nxf7 22. d5 Bd7 23. Bxf4 Kd8 24. Be3 b5 25. Nc2 Qc8 26. Qh4+ Kc7 27. b4
Bf5 28. Rfc1 c4 29. a4 bxa4 30. Rxa4 Qd7 31. Qxc4+ Kb7 32. Ra5 Bh6 33. b5 Bxh3
34. bxa6+ 1-0

[Event "SR 3. liga A2 2017/2018"]
[Site "?"]
[Date "2018.02.18"]
[Round "9.2"]
[White "Dest, Stanislav"]
[Black "Kavuljak, Alojz"]
[Result "1/2-1/2"]
[WhiteElo "1548"]
[BlackElo "1697"]
[PlyCount "60"]
[EventDate "2017.??.??"]

1. d4 d6 2. c4 g6 3. Nc3 Bg7 4. Nf3 Nc6 5. e4 e5 6. Be3 f5 7. d5 Nce7 8. Be2 f4
9. Bd2 Nf6 10. h3 h6 11. b4 b6 12. a4 a6 13. a5 O-O 14. Qb3 Bd7 15. c5 b5 16.
cxd6 cxd6 17. Nxe5 Nxe4 18. Nxe4 Bxe5 19. Rc1 Rc8 20. O-O Bf5 21. Bf3 Qd7 22.
Rxc8 Nxc8 23. Bc3 Qg7 24. Bxe5 Qxe5 25. Re1 Ne7 26. Kf1 Bxe4 27. Bxe4 Qg7 28.
Qd3 Rc8 29. Bf3 Rc4 30. Qe2 Qe5 1/2-1/2

[Event "SR 3. liga A2 2017/2018"]
[Site "?"]
[Date "2018.02.18"]
[Round "9.3"]
[White "Kalmar, Tamas"]
[Black "Mikudik, Ivan"]
[Result "1/2-1/2"]
[WhiteElo "2098"]
[BlackElo "1881"]
[PlyCount "68"]
[EventDate "2017.??.??"]

1. d4 Nf6 2. c4 e6 3. Nc3 Bb4 4. Qc2 b6 5. a3 Bxc3+ 6. Qxc3 Bb7 7. Bg5 d6 8.
Nf3 Nbd7 9. e3 h6 10. Bh4 Qe7 11. Be2 O-O 12. O-O e5 13. dxe5 dxe5 14. Rfd1
Rfe8 15. Qc2 c5 16. Rac1 Qe6 17. Nd2 e4 18. Nb1 Ne5 19. Nc3 g5 20. Bg3 a6 21.
b3 Rad8 22. h3 Kg7 23. Rxd8 Rxd8 24. Rd1 Rxd1+ 25. Qxd1 Nfd7 26. Qc2 f5 27. Qd2
Nf7 28. Nd5 Nde5 29. Nc7 Qc6 30. Nd5 Qe6 31. Nc3 Kf6 32. h4 Qd6 33. hxg5+ hxg5
34. Nd5+ Ke6 1/2-1/2

[Event "SR 3. liga A2 2017/2018"]
[Site "?"]
[Date "2018.02.18"]
[Round "9.3"]
[White "Miciak, Emanuel"]
[Black "Veselsky, Jozef"]
[Result "0-1"]
[WhiteElo "1909"]
[BlackElo "2136"]
[PlyCount "74"]
[EventDate "2017.??.??"]

1. d4 d5 2. Bf4 e6 3. Nf3 Bd6 4. Bg3 Nf6 5. e3 Ne4 6. Bxd6 Qxd6 7. Bd3 Qb4+ 8.
Nbd2 Nxd2 9. Qxd2 Qxb2 10. O-O Qa3 11. e4 O-O 12. e5 Qe7 13. Ng5 h6 14. Nh3 b6
15. Qe2 a5 16. f4 f5 17. g4 Qh4 18. Nf2 Ba6 19. Bxa6 Nxa6 20. Kh1 fxg4 21. Nxg4
h5 22. Nf6+ gxf6 23. Rg1+ Kh7 24. exf6 Rxf6 25. Rg5 Qxf4 26. Rxh5+ Rh6 27.
Rxh6+ Qxh6 28. Rg1 Rg8 29. Rxg8 Kxg8 30. Qxa6 Qc1+ 31. Kg2 Qxc2+ 32. Kg3 Qc3+
33. Kg2 Qb2+ 34. Kg3 Qa3+ 35. Kf4 Kg7 36. Qe2 Qh3 37. a4 Qh4+ 0-1

[Event "SR 3. liga A2 2017/2018"]
[Site "?"]
[Date "2018.02.18"]
[Round "9.3"]
[White "Merva, Frantisek"]
[Black "Bjel, Jan"]
[Result "1-0"]
[WhiteElo "2088"]
[BlackElo "1834"]
[PlyCount "63"]
[EventDate "2017.??.??"]

1. d4 Nf6 2. Nf3 d5 3. Bf4 e6 4. e3 b6 5. Bd3 Bb7 6. O-O Bd6 7. Bxd6 Qxd6 8. c3
O-O 9. Nbd2 c5 10. Ne5 Nbd7 11. f4 c4 12. Bc2 b5 13. a3 a5 14. Qf3 Rfe8 15. g4
Nf8 16. g5 N6d7 17. Qh5 Nxe5 18. fxe5 Qc7 19. Rf2 Re7 20. Raf1 Bc6 21. Qg4 b4
22. h4 Rb8 23. h5 bxa3 24. bxa3 Qa7 25. Qf4 Rb2 26. Nb1 Rb8 27. h6 Ng6 28. Qh2
Be8 29. hxg7 Rb2 30. Bxg6 fxg6 31. Rf8+ Kxg7 32. Qh6# 1-0

[Event "SR 3. liga A2 2017/2018"]
[Site "?"]
[Date "2018.02.18"]
[Round "9.3"]
[White "Lajda, Dusan"]
[Black "Csuri, Szilveszter"]
[Result "0-1"]
[WhiteElo "1786"]
[BlackElo "1968"]
[PlyCount "68"]
[EventDate "2017.??.??"]

1. e4 e5 2. Nf3 Nc6 3. Bc4 Bc5 4. b4 Bxb4 5. c3 Ba5 6. d4 exd4 7. O-O d3 8. Re1
Nge7 9. e5 O-O 10. Ba3 Re8 11. Ng5 d6 12. exd6 Be6 13. Bxe6 fxe6 14. Qh5 h6 15.
dxe7 Rxe7 16. Bxe7 Qxe7 17. Ne4 Rd8 18. Nbd2 Rd5 19. Qh3 Ne5 20. Red1 c5 21. f4
Ng6 22. g3 b5 23. c4 bxc4 24. Nxc4 Bc7 25. Qf1 Rd4 26. Ned2 Bxf4 27. gxf4 Nxf4
28. Nf3 Rxc4 29. Kh1 e5 30. Rxd3 Nxd3 31. Qxd3 Qe6 32. Rb1 e4 33. Rb8+ Kh7 34.
Qe3 Qd6 0-1

[Event "SR 3. liga A2 2017/2018"]
[Site "?"]
[Date "2018.02.18"]
[Round "9.3"]
[White "Szitasi, Janos"]
[Black "Jancovicova, Petra"]
[Result "1-0"]
[WhiteElo "1963"]
[BlackElo "1739"]
[PlyCount "71"]
[EventDate "2017.??.??"]

1. e4 e5 2. Nf3 Nf6 3. Bc4 Nc6 4. Ng5 d5 5. exd5 Na5 6. Bb5+ c6 7. dxc6 bxc6 8.
Be2 h6 9. Nf3 Bd6 10. d3 O-O 11. O-O Qc7 12. Nbd2 Bf5 13. c3 e4 14. dxe4 Nxe4
15. Nxe4 Bxe4 16. Qa4 Bd5 17. c4 Be6 18. c5 Be7 19. Bf4 Qd8 20. b4 Nb7 21. Qxc6
Bd5 22. Qa6 Qc8 23. Rad1 Qe6 24. Qxe6 fxe6 25. Be5 a5 26. a3 axb4 27. axb4 Ra2
28. Bd3 Bxf3 29. gxf3 Nd8 30. Be4 Nf7 31. Bc7 Ng5 32. Rd7 Bf6 33. b5 Nxe4 34.
fxe4 Rc2 35. Bd6 Ra8 36. b6 1-0

[Event "SR 3. liga A2 2017/2018"]
[Site "?"]
[Date "2018.02.18"]
[Round "9.3"]
[White "Bajcar, Pavol"]
[Black "Meszaros, Lorant"]
[Result "0-1"]
[WhiteElo "1651"]
[BlackElo "1950"]
[PlyCount "38"]
[EventDate "2017.??.??"]

1. d4 f5 2. Nf3 Nf6 3. Bg5 Ne4 4. Bf4 d6 5. Ng5 Nf6 6. c3 h6 7. Nf3 g5 8. Bd2
Bg7 9. e3 O-O 10. Bd3 Ne4 11. Qc2 c6 12. Ng1 e5 13. f3 Nxd2 14. Nxd2 Be6 15.
Ne2 Nd7 16. Ng3 f4 17. exf4 gxf4 18. Nf5 Bxf5 19. Bxf5 exd4 0-1

[Event "SR 3. liga A2 2017/2018"]
[Site "?"]
[Date "2018.02.18"]
[Round "9.3"]
[White "Sarkozi, Szabolcs"]
[Black "Krchnak, Rudolf"]
[Result "1-0"]
[WhiteElo "1719"]
[BlackElo "1672"]
[PlyCount "63"]
[EventDate "2017.??.??"]

1. d4 Nf6 2. c4 c5 3. d5 d6 4. Nc3 e6 5. e4 g6 6. Nf3 exd5 7. exd5 Bg7 8. Be2
O-O 9. O-O Na6 10. a3 Nc7 11. h3 Bd7 12. Bf4 Bf5 13. Bd3 Bxd3 14. Qxd3 Re8 15.
Rae1 Qd7 16. Qd2 Rxe1 17. Rxe1 Re8 18. Rxe8+ Nfxe8 19. b4 b6 20. b5 Nf6 21. Qe3
Nce8 22. Ne4 Nxe4 23. Qxe4 Kf8 24. Qc2 Nc7 25. Qd2 Ne8 26. Bh6 Qf5 27. Bxg7+
Nxg7 28. Qc3 f6 29. Qb3 Kf7 30. Qa4 Qc8 31. Qxa7+ Kf8 32. Qxb6 1-0

[Event "SR 3. liga A2 2017/2018"]
[Site "?"]
[Date "2018.02.18"]
[Round "9.3"]
[White "Holan, Jaroslav"]
[Black "Both, Lajos"]
[Result "0-1"]
[WhiteElo "1469"]
[BlackElo "1782"]
[PlyCount "28"]
[EventDate "2017.??.??"]

1. e4 d5 2. e5 Bf5 3. Nf3 e6 4. d4 c5 5. Nc3 Nc6 6. Bb5 a6 7. Bxc6+ bxc6 8. O-O
Qb6 9. Rb1 cxd4 10. Nxd4 Bg6 11. Be3 c5 12. Nb3 d4 13. Qf3 Rc8 14. Nxd4 cxd4
0-1

[Event "SR 3. liga A2 2017/2018"]
[Site "?"]
[Date "2018.02.18"]
[Round "9.4"]
[White "Slamena, Michal"]
[Black "Kozinka, Roman"]
[Result "1-0"]
[WhiteElo "2008"]
[BlackElo "2004"]
[PlyCount "105"]
[EventDate "2017.??.??"]

1. e4 c5 2. Nf3 d6 3. d4 cxd4 4. Nxd4 Nf6 5. Nc3 a6 6. Bg5 e6 7. f4 Be7 8. Qf3
h6 9. Bxf6 Bxf6 10. O-O-O Qb6 11. Nb3 Nd7 12. g4 g5 13. e5 dxe5 14. Ne4 exf4
15. Rxd7 Bxb2+ 16. Kxb2 Bxd7 17. Qc3 Rf8 18. Bc4 O-O-O 19. Bxe6+ Qc7 20. Bxd7+
Rxd7 21. Nec5 Rd5 22. Re1 Rfd8 23. Re4 b6 24. Rc4 bxc5 25. Nxc5 Qb6+ 26. Nb3+
Kd7 27. a4 f6 28. a5 Qd6 29. Ka2 Ke8 30. Rc6 Qe5 31. Qc4 Kf7 32. Qxa6 Kg6 33.
Re6 R8d6 34. Rxe5 Rxa6 35. Rxd5 h5 36. h3 hxg4 37. hxg4 Rc6 38. Kb2 f3 39. Rf5
Rc4 40. Rxf3 Rxg4 41. Ka3 Rc4 42. c3 g4 43. Rd3 f5 44. Nd2 Rc6 45. Kb4 f4 46.
Kb5 Re6 47. a6 Re1 48. a7 Ra1 49. Rd6+ Kf5 50. Ra6 Rd1 51. a8=Q Rxd2 52. Qc8+
Kg5 53. Rg6+ 1-0

[Event "SR 3. liga A2 2017/2018"]
[Site "?"]
[Date "2018.02.18"]
[Round "9.4"]
[White "Slaba, Andrea"]
[Black "Malar, Pavol"]
[Result "1/2-1/2"]
[WhiteElo "1921"]
[BlackElo "2062"]
[PlyCount "87"]
[EventDate "2017.??.??"]

1. c4 f5 2. g3 Nf6 3. Bg2 g6 4. d4 Bg7 5. Nf3 O-O 6. O-O d6 7. Nc3 Qe8 8. d5 a5
9. e4 fxe4 10. Ng5 Na6 11. Ngxe4 Bd7 12. Re1 Nxe4 13. Nxe4 Qf7 14. Qe2 h6 15.
Be3 Kh7 16. h3 c5 17. Qd2 a4 18. Nc3 Nc7 19. b3 axb3 20. axb3 b5 21. Rxa8 Rxa8
22. Ne4 b4 23. Nxc5 Bc3 24. Qe2 Bxe1 25. Qxe1 dxc5 26. d6 exd6 27. Bxa8 Nxa8
28. Qd2 Bc6 29. Qxd6 Bf3 30. Bxc5 Nc7 31. Bxb4 Qg7 32. Kh2 Ne8 33. Qe7 Nf6 34.
Qe3 Ba8 35. Qe7 Ne4 36. Qxg7+ Kxg7 37. f4 Kf6 38. Bf8 Nd2 39. Bxh6 Nxb3 40.
Bg5+ Kf5 41. g4+ Ke4 42. Kg3 Nd4 43. f5 gxf5 44. gxf5 1/2-1/2

[Event "SR 3. liga A2 2017/2018"]
[Site "?"]
[Date "2018.02.18"]
[Round "9.4"]
[White "Cebo, Vladimir"]
[Black "Rau, Vladimir"]
[Result "0-1"]
[WhiteElo "1656"]
[BlackElo "1675"]
[PlyCount "100"]
[EventDate "2017.??.??"]

1. c4 Nf6 2. Nc3 g6 3. d4 Bg7 4. e4 d6 5. Be2 Nc6 6. Nf3 Bg4 7. O-O O-O 8. Be3
a6 9. h3 Bxf3 10. Bxf3 Rb8 11. Qd2 Nd7 12. Rac1 e5 13. d5 Nd4 14. Bd1 f5 15.
exf5 Nxf5 16. Bg5 Qe8 17. Bg4 Nf6 18. Bxf5 gxf5 19. Rce1 Qg6 20. f4 e4 21. Ne2
Rbe8 22. Nd4 h6 23. Bh4 Rf7 24. Re3 Kh7 25. Be1 Nh5 26. Ne6 Bf6 27. b3 Rg8 28.
Kh2 Ng7 29. Qe2 Nxe6 30. Rg3 Ng5 31. fxg5 Be5 32. h4 Bxg3+ 33. Bxg3 hxg5 34.
hxg5 Qxg5 35. Bf4 Qh4+ 36. Kg1 Rfg7 37. Rf2 Qg4 38. Qe3 Qd1+ 39. Kh2 Qh5+ 40.
Kg1 Qg4 41. g3 Kg6 42. Rh2 Rh7 43. Rxh7 Kxh7 44. Qd2 Kg6 45. Qd4 Rg7 46. b4 Rh7
47. Qd2 Qf3 48. Qg2 Qd1+ 49. Kf2 Rh1 50. g4 Qe1# 0-1